20 Biggest Cities in New Mexico - Statistics

General Stats
  • This quiz has been taken 66 times
  • The average score is 10 of 20
Answer Stats
Hint Answer % Correct
558,736 Albuquerque
100%
89,646 Santa Fe
96%
115,956 Las Cruces
90%
46,669 Roswell
84%
112,735 Rio Rancho
74%
46,149 Farmington
68%
37,311 Clovis
60%
38,962 Hobbs
60%
31,238 Carlsbad
58%
19,999 Gallup
54%
31,400 Alamogordo
52%
12,814 Las Vegas
52%
19,667 Los Lunas
28%
9,265 Silver City
28%
12,145 Artesia
22%
14,542 Deming
22%
10,399 Espanola
18%
17,986 Sunland Park
18%
11,087 Lovington
16%
11,770 Portales
14%
No matching quizzes found
Score Distribution
Percent of People with Each Score
Percentile by Number Answered
Your Score History
You have not taken this quiz